MARC

LEADER 00000nam0a2200000 4500
001 15139
005 20231101205009.0
010 |a 5283021300 
035 |a (RuTPU)RU\TPU\book\15244 
035 |a BOOK00015314 
090 |a 15139 
100 |a 20011209d1996 m y0rusy50 ca 
101 0 |a rus 
102 |a RU 
105 |a a z 000zy 
200 1 |a Подготовка подпиточной воды систем теплоснабжения с применением вакуумных деаэраторов  |f В. И. Шарапов 
210 |a Москва  |c Энергоатомиздат  |d 1996 
215 |a 176 с.  |c ил. 
606 1 |a Деаэраторы вакуумные  |x Для питательной воды  |2 stltpush  |3 (RuTPU)RU\TPU\subj\8971  |9 36275 
610 1 |a теплоснабжение 
610 1 |a питательная вода 
610 1 |a водоподготовительные установки 
610 1 |a теплоэнергетические установки 
610 1 |a схемы 
610 1 |a экономичность 
610 1 |a вакуумные деаэраторы 
675 |a 621.182.124  |v 3 
700 1 |a Шарапов  |b В. И.  |g Владимир Иванович 
801 0 |a RU  |b 63413507  |c 20011209  |g PSBO 
801 2 |a RU  |b 63413507  |c 20201010  |g PSBO 
942 |c BK